Biblioteka Instytutu Północnego w Olsztynie

Widok standardowy Widok MARC

Pozycja Personal Name

Liczba rekordów, w których użyto hasła: 1

001 - Numer kontrolny

  • control field: 40172

003 - Identyfikator numeru kontrolnego

  • control field: NUKAT

005 - Data i czas ostatniej modyfikacji

  • control field: 20260416131239.0

008 - Dane kontrolne kodowane (40 znaków)

  • fixed length control field: 050826n||azznnbabn |a aaa |

010 ## - Numer kontrolny Biblioteki Kongresu

  • numer kontrolny LC: p 2005500782

024 7# - OTHER STANDARD IDENTIFIER

  • Standard number or code: 112059678
  • Source of number or code: viaf

035 ## - Numer systemowy

  • numer systemowy: a17964106

035 ## - Numer systemowy

  • numer systemowy: (PL)a0000001796410

040 ## - Instytucja sporządzająca rekord

  • inst. przygot. dane do rek. khw: WA N/RZbn
  • język haseł przedmiotowych/tezaurus: DBN
  • inst. wprow. rek. khw: WA N/RZbn
  • inst. modyf. rek. khw: WA N/RZas

043 ## - Kod obszaru geograficznego

  • ISO code: RU

046 ## - Special dates

  • Birth date: 1890
  • Death date: 1986

100 1# - Hasło - nazwa osobowa

  • nazwa osobowa w formie ujednoliconej: Mołotow, Wiaczesław
  • daty biograficzne: (1890-1986)

370 ## - Associated place

  • Place of death: Moskwa (Rosja)

370 ## - Associated place

  • Country: Rosja

372 ## - Field of activity

  • Field: Polityka

374 ## - Occupation

  • Occupation: Politycy

375 ## - Gender

  • Gender: 1
  • Source of term: iso5218

377 ## - Assoc lang

  • Lang code: rus

400 1# - Trop zob. - nazwa osobowa

  • nazwa osobowa (nazwisko, imiona): Molotov, Vâčeslav Mihajlovič

400 1# - Trop zob. - nazwa osobowa

  • nazwa osobowa (nazwisko, imiona): Molotov, Vjačeslav Michajlovič

400 1# - Trop zob. - nazwa osobowa

  • nazwa osobowa (nazwisko, imiona): Molotov, Vjačeslav M.

400 1# - Trop zob. - nazwa osobowa

  • nazwa osobowa (nazwisko, imiona): Molotov, V.

400 1# - Trop zob. - nazwa osobowa

  • nazwa osobowa (nazwisko, imiona): Molotov, V. M.

400 1# - Trop zob. - nazwa osobowa

  • nazwa osobowa (nazwisko, imiona): Mołotow, Wiaczesław M.

400 1# - Trop zob. - nazwa osobowa

  • nazwa osobowa (nazwisko, imiona): Mołotow, Wiaczesław Michajłowicz

400 1# - Trop zob. - nazwa osobowa

  • nazwa osobowa (nazwisko, imiona): Mołotow, W.

400 1# - Trop zob. - nazwa osobowa

  • nazwa osobowa (nazwisko, imiona): Mołotow, W. M.

400 1# - Trop zob. - nazwa osobowa

  • nazwa osobowa (nazwisko, imiona): Skrâbin, V. M.

400 1# - Trop zob. - nazwa osobowa

  • nazwa osobowa (nazwisko, imiona): Skrâbin, Vâčeslav Mihajlovič

400 1# - Trop zob. - nazwa osobowa

  • nazwa osobowa (nazwisko, imiona): Skriabin, Wiaczesław M.

400 1# - Trop zob. - nazwa osobowa

  • nazwa osobowa (nazwisko, imiona): Skriabin, Wiaczesław Michajłowicz

400 1# - Trop zob. - nazwa osobowa

  • nazwa osobowa (nazwisko, imiona): Молотов, Вячеслав Михайлович

400 1# - Trop zob. - nazwa osobowa

  • nazwa osobowa (nazwisko, imiona): Скрябин, Вячеслав Михайлович

550 ## - Trop zob. też - nazwa pospolita

  • nazwa posp. lub nazwa geogr. na pocz.: Pakt Ribbentrop-Mołotow (1939)

670 ## - Źródło informacji

  • źródło informacji: BES

670 ## - Źródło informacji

  • źródło informacji: NEP

670 ## - Źródło informacji

  • źródło informacji: EPop

670 ## - Źródło informacji

  • źródło informacji: O polityce zewnętrznej Związku Radzieckiego / W. Mołotow. - [S. l., 198?].

670 ## - Źródło informacji

  • źródło informacji: Przemówienie na XX zjeździe KPZR / W. M. Mołotow. - [Warszawa], 1956.

682 ## - Informacja o usuniętym haśle

  • tekst wyjaśniający: zmienione z:
  • zastąpione hasło: Molotov, Vâčeslav Mihajlovič (1890-1986)
Biblioteka Instytutu Północnego, ul. Partyzantów 87, 10-402 Olsztyn, email: biblioteka(at)ip.olsztyn.pl